000 00616nam a2200241Ia 4500
003 OSt
005 20221006145015.0
006 a|||||r|||| 00| 0
007 ta
008 221006b |||||||| |||| 00| 0 eng d
024 _a13,479
037 _cTextual
040 _aEASL
_cEASL
_beng
041 _2eng
_aeng
082 _aV4313G.N69, L0
100 _aPIKE Douglas
_9108496
245 0 _aViet-cong strategy of terror
260 _aVietnam
_bSaigon
_c1970
300 _a126p.
_ccm.
490 _v Oth
942 _hV4313G.N69, L0
_cTEXL
_2CC
999 _c1081565
_d1081565